Paises con pistas - Estadísticas

Estadísticas generales
  • Esta prueba ha sido intentada 120 veces
    77 desde el último reinicio
  • La puntuación promedio es 13 de 16
Estadísticas de respuestas
Hint Respuesta % Correcto
El pais con mas poblacion mundial. China.
100%
El pais mas grande del mundo. Rusia.
100%
La comida mas comun es la pasta. Italia.
99%
El pais mas pequeño del mundo. Ciudad del Vaticano.
97%
Aquí nació Leo Messi. Argentina.
96%
El pais con mas mundiales de futbol. Brasil.
96%
Esta en la peninsula iberica y ocupa la mayor parte. España
96%
Es el unico pais que empieza por O. Oman.
96%
Es el pais mas visitado. Francia.
93%
No tiene mar y esta en Sudamerica. Bolivia.
91%
Comen mucha comida chatarra. Estados Unidos.
91%
Su poblacion es inmune al picante. Mexico.
90%
Creo los robots. Japón.
69%
Su economia depende del petroleo. Venezuela.
57%
Tiene mas especies animales. Australia.
45%
No tiene mar y esta en Sudamerica. Parguay.
7%
No se encontraron pruebas coincidentes
Distribución de puntuación
Porcentaje de gente con cada puntuación
Porcentaje por número respondido
Historial de tus puntuaciones
No has intentado esta prueba desde el último reinicio